| 000 | 01004nam a2200229 i 4500 | ||
|---|---|---|---|
| 001 | 154503 | ||
| 003 | ES-MaACL | ||
| 005 | 20230906205746.0 | ||
| 008 | 040712q18611868fr a |||| | fre d | ||
| 040 |
_aCAM _bspa _cCAM |
||
| 100 | 1 |
_aGondrecourt, Aristide-Henri-Ange de. _9127383 |
|
| 245 | 1 | 4 |
_aLes jaloux / _cpar A. de Gondrecourt. |
| 260 |
_a[S.l. : _bs.n., _cs.a.] ( _eSceaux : _f(Typographie de E. Dépée) |
||
| 300 |
_a48, 48, 47 p. : _bil. ; _c30 cm. |
||
| 505 | 8 | _aContiene : Première partie : Le Général Chardin (48 p.) ; Seconde partie : Le Général Chardin (48 p.) ; Troisième partie : Mademoiselle Parmentier (47 p.) | |
| 594 | _aTít. y autor tomados del comienzo del texto. | ||
| 596 | _aEl imp. ejerce ca. 1861-1868, según consta en CCPB. | ||
| 596 | _aColofón en cada parte. | ||
| 597 | _aTexto a dos col. | ||
| 599 | _aIl. alegóricas intercaladas en el texto. | ||
| 852 |
_aES-MaACL _jR-1706(2) _z-- Enc. hol., falto de la cub. original _z-- Enc. en un vol. facticio |
||
| 999 |
_c154503 _d154503 |
||